000
00304nam a2200133Ia 4500
005
20251222155209.0
008
251222s9999||||xx |||||||||||||| ||spa||
082
_a
MEQ. 38
100
_a
CORMED S.A.
245
0
_a
Unidad de Cuidados Intensivos
250
_a
1ra. ed.
264
_b
Cormed
942
_c
LIB
999
_c
40240
_d
40240